Statistics for JR東日本のホームドア稼働駅

Click here to take the quiz!

General Stats

  • This quiz has been taken 53 times
  • The average score is 104 of 119

Answer Stats

Answer% Correct
東京
100%
目黒
100%
大崎
100%
高田馬場
100%
目白
100%
池袋
100%
有楽町
100%
神田
100%
駒込
100%
田端
100%
西日暮里
100%
日暮里
100%
鶯谷
100%
上野
100%
御徒町
100%
秋葉原
100%
五反田
100%
新橋
98%
品川
98%
高輪ゲートウェイ
98%
恵比寿
98%
新大久保
98%
代々木
98%
原宿
98%
大宮
96%
巣鴨
96%
浦和
96%
浜松町
96%
大塚
96%
田町
96%
南浦和
93%
北浦和
93%
桜木町
93%
横浜
93%
赤羽
93%
川崎
93%
さいたま新都心
93%
川口
91%
与野
91%
蒲田
91%
東神奈川
91%
新横浜
89%
亀戸
89%
武蔵小杉
89%
水道橋
89%
信濃町
89%
新小岩
89%
大森
89%
鶴見
89%
飯田橋
87%
東十条
87%
王子
87%
市ヶ谷
87%
千駄ヶ谷
87%
浅草橋
87%
錦糸町
87%
小岩
87%
関内
85%
大久保
85%
東中野
85%
西川口
85%
85%
85%
大井町
85%
取手
85%
新松戸
83%
菊名
83%
金町
83%
上中里
83%
橋本
83%
南柏
83%
綾瀬
83%
西船橋
83%
登戸
83%
新子安
83%
馬橋
83%
北柏
83%
長津田
80%
天王台
80%
山手
80%
北小金
80%
下総中山
78%
亀有
78%
立川
78%
武蔵中原
78%
北松戸
76%
相模原
76%
大口
76%
町田
76%
府中本町
76%
中山
74%
小机
72%
成田空港
72%
武蔵新城
72%
十日市場
70%
稲城長沼
70%
南多摩
67%
淵野辺
65%
空港第2ビル
65%
古淵
61%
成瀬
61%
谷保
57%
矢部
54%
矢野口
54%
羽沢横浜国大
28%

Score Distribution

Percentile by Number Answered

Percent of People with Each Score

Your Score History

You have not taken this quiz